ยินดีต้อนรับสู่ห้องสมุด วิทยาลัยพยาบาลบรมราชชนนี สุรินทร์
เปลี่ยนเป็นภาษาไทย

Change to English

หน้าหลัก เกี่ยวกับห้องสมุด โครงสร้างผู้บริหาร  คู่มือเอกสาร  บริการยืมคืนหนังสือ ค้นหาหนังสือ BASIC

 
 แสดงรายละเอียดบรรณานุกรม
  กลับหน้าหลัก

Brief Record : Get Marc (ISO 2709) : E-mail record : QR code ปิดหน้าต่าง
หนังสือใหม่ รายชื่อวารสาร ทรัพยากรประกอบหลักสูตร : เกี่ยวกับ Collections
LEADER 00000nam 2200000uu 4500
001    13399107876
003     ULIB
008    101021s2551||||th 000 0 tha d
060 04 ^aWA31^bย538ว 2551
100 0  ^aเยาวดี สุวรรณนาคะ
245 10 ^aวัฒนธรรมกับสุขภาพ /^cเยาวดี สุวรรณนาคะ
250    ^aพิมพ์ครั้งที่ 1
260    ^aสุรินทร์ :^bวิทยาลัยพยาบาลบรมราชชนนี สุรินทร์,^c2551
300    ^a41 แผ่น
520    ^aหนังสือเล่มนี้เสนอเนื้อหาแนวคิดเกี่ยวกับวัฒนธรรม วัฒนธรรมความเชื่อที่เกี่ยวกับพฤติกรรมสุขภาพอนามัยและความเจ็บป่วย และวัฒนธรรมกับสุขภาพ อาทิเช่น ความเชื่อเกี่ยวกับสาเหตุของการเกิดโรคและความเจ็บป่วย ความเชื่อเกี่ยวกับพฤติกรรมการรักษาโรค การป้องกันโรคและการบริโภคนิสัย
650  7 ^aวัฒนธรรม^xแง่สุขภาพและอนามัย
650  7 ^aการแพทย์กับสังคม
650  7 ^aการแพทย์^xแง่สังคม
650  7 ^aการแพทย์แผนโบราณ
650  7 ^aการรักษาโรค^xพิธีกรรม
650  7 ^aสุขภาพ
710 1  ^aวิทยาลัยพยาบาลบรมราชชนนี สุรินทร์
999    ^aสุณิสา
รายการนี้ยังไม่มีแท็ก
คุณยังไม่ได้ล็อกอิน คุณสามารถมีกิจกรรมร่วมกับเว็บไซต์ได้ แต่ต้องล็อกอินก่อน ::
  ล็อกอิน
ลำดับที่ ประเภท เลขเรียก/บาร์โค้ด สถานที่ สถานะ
1. หนังสือทั่วไป
หนังสือทั่วไป
WA31 ย538ว 2551 ฉ.2 
  Barcode: B0027134
ห้องสมุด วพบ.สุรินทร์
►ชั้นหนังสือเก่าปีพิมพ์เกิน 10 ปี
บนชั้น
2. หนังสือทั่วไป
หนังสือทั่วไป
WA31 ย538ว 2551 ฉ.10 
  Barcode: B0027142
ห้องสมุด วพบ.สุรินทร์
►ชั้นหนังสือเก่าปีพิมพ์เกิน 10 ปี
บนชั้น
   [แสดง 2/2 รายการ]

รายการใกล้เคียง
    ผู้แต่ง [เยาวดี สุวรรณนาคะ]

    หัวเรื่อง [การแพทย์กับสังคม]
    หัวเรื่อง [การแพทย์แผนโบราณ]
    หัวเรื่อง [สุขภาพ]

BibComment


ยังไม่เคยถูกคอมเมนท์

คอมเมนท์ทรัพยากรรายการนี้
  คอมเมนท์: วัฒนธรรมกับสุขภา..
Bib 13399107876

 
 
 

 Union Library Management : ULibM
Copyright 2026. ULIBM